Kylmimmät valtiot heinäkuussa - Statistics

Yleistilastot
  • Tätä visaa on pelattu 994 kertaa
  • Keskiarvotulos 13 / 20
Vastaustilastot
°C Vastaus % Oikein
16,1 Suomi
94%
15,8 Venäjä
94%
12,2 Norja
93%
15,1 Ruotsi
93%
9,2 Islanti
90%
12,9 Kanada
90%
4,9 Chile
78%
14,9 Australia
76%
6,0 Uusi-Seelanti
76%
8,2 Argentiina
74%
12,1 Etelä-Afrikka
71%
15,1 Yhdistynyt kuningaskunta
66%
15,1 Irlanti
64%
11,5 Uruguay
56%
6,1 Lesotho
50%
16,9 Nepal
33%
15,6 Sveitsi
30%
12,4 Bhutan
26%
16,5 Liechtenstein
21%
14,9 Tadžikistan
14%
Ehtoja vastaavia visoja ei löytynyt
Tulosjakauma
Jokaisen tuloksen saaneiden osuus
Persentiili vastausten määrän mukaan
Tuloshistoriasi
Et ole pelannut tätä visaa